000 00535nam a2200229Ia 4500
003 OSt
005 20220928105302.0
006 a|||||r|||| 00| 0
007 ta
008 220927b |||||||| |||| 00| 0 eng d
024 _a138925
037 _cTextual
040 _aSDCL
_cSDCL
_beng
041 _2eng
_aeng
082 _aR693, L3
100 _aAmitgati
_9414586
245 0 _aTatvbhavna.
260 _aDelhi
_c1973
300 _a344p.
_ccm.
942 _hR693, L3
_cTEXL
_2CC
999 _c730426
_d730426